| 000 | 00988nam a2200301Ia 4500 | ||
|---|---|---|---|
| 001 | Z_265 | ||
| 003 | CHAP | ||
| 008 | 220113s1983 xx 000 0 und d | ||
| 010 | _a163240 | ||
| 040 | _cCHAP | ||
| 090 | _aTesis A 217 | ||
| 100 |
_aAguirre Toscano, Julio Isaac _93047 |
||
| 245 |
_aTasas de fermentación de cuatro especies de pastos tropicales y su respuesta a la suplementación con melaza urea / _cJ. I. Aguirre Toscano y Luis Miguel Martinez León |
||
| 260 |
_aChapingo, Méx. : _bEl autor, _c1983 |
||
| 300 | _a45 h. | ||
| 502 | _aTesis (Ing. Agrónomo Esp. en Zootecnia) -- UACH. Departamento de Zootecnia | ||
| 650 |
_aMelaza en alimentación animal _974315 |
||
| 650 |
_aPastos _xFermentación _986032 |
||
| 650 |
_aPastos _xTrópicos _986085 |
||
| 650 |
_aUrea en alimentación animal _9116890 |
||
| 700 |
_aMartínez León, Luis Miguel _972209 |
||
| 901 | _aTESIS A 217 | ||
| 902 | _aM | ||
| 910 | _a1983 | ||
| 942 | _c2 | ||
| 942 | _c2 | ||
| 999 |
_c163240 _d163240 |
||